[Event "EICC 2019"]
[Site "Skopia"]
[Date "2019.03.28"]
[Round "10.42"]
[White "Zhigalko, Sergei"]
[Black "Zanan, Evgeny"]
[Result "1-0"]
[WhiteElo "2604"]
[BlackElo "2514"]
[Annotator "TA"]
[PlyCount "91"]
[EventDate "2019.03.18"]
[EventType "swiss"]
[EventCountry "MKD"]
[SourceTitle "playchess.com"]
[Source "ChessBase"]
[SourceQuality "1"]

{[%evp 9,91,10,11,0,0,0,0,-4,0,8,16,6,13,12,18,18,19,7,20,21,14,5,11,0,16,-53,12,28,18,17,16,-1,25,42,33,-6,-7,-14,-13,0,9,-33,-40,-20,-15,-27,-22,-18,0,0,1,-25,0,0,0,0,0,11,96,81,79,-4,72,26,24,24,25,21,24,25,25,25,161,157,201,186,229,227,590,587,691,620,620,608]} 1. e4 c5 2. Nf3 d6 3. Bb5+ Nd7 4. O-O a6 5. Bd3 (5. Bxd7+ Bxd7 6. d4 cxd4 7. Qxd4 e5 8. Qd3 h6 9. a4 Nf6 10. a5 Be7 11. c4 b5 12. axb6 Qxb6 13. Nc3 O-O 14. Be3 Qb7 15. h3 Rfc8 16. Nd2 Be6 17. Rfb1 a5 18. b3 Ra6 19. Ra2 Bd7 20. Rba1 {½-½ (20) Wang,H (2730)-Nepomniachtchi,I (2763) St Petersburg 2018}) 5... Ngf6 6. a4 {B51: Sicilian: Moscow Variation (3 Bb5+) without 3...Bd7} b6 7. c3 Bb7 8. Qe2 {The position is equal.} e6 9. Bc2 Be7 10. d4 O-O 11. Re1 $146 ({Predecessor:} 11. Ng5 h6 12. Nh3 cxd4 13. cxd4 e5 14. Na3 b5 15. d5 bxa4 {0-1 (33) Quere,A (2022)-Croad,N (2232) Wellington 2017}) 11... Qc7 12. Na3 Rfe8 13. h3 Bf8 14. Bg5 h6 15. Bh4 Nh5 16. Rad1 Rac8 17. Bb1 (17. Nh2 $11 g6 18. dxc5) 17... Bc6 (17... cxd4 $15 18. Nxd4 g6) 18. Qxa6 $11 Ra8 19. Qd3 Bxa4 20. Rc1 g6 21. Qd2 e5 22. Bd3 Qb7 23. Nc4 Nf4 24. Bf1 b5 25. Na3 c4 26. Nc2 g5 27. Bg3 Nf6 28. d5 Bxc2 29. Qxc2 Ra2 30. h4 g4 (30... N4h5 {looks sharper.} 31. hxg5 hxg5 32. Qd2 Bh6 33. Bh4 Nh7) 31. Bxf4 $1 exf4 32. Nd4 Re5 33. Qd2 Nh5 (33... g3 $1 $11 {remains equal.} 34. Qxf4 gxf2+ 35. Kxf2 Rxb2+ 36. Kg1 Bg7) 34. Be2 $16 Qd7 35. Nf5 ({Better is} 35. Bd1 $1 $16) 35... Rxf5 (35... Nf6 $1 $11 36. Qxf4 {[%mdl 64] Double Attack} Rxe4 37. Nxh6+ Bxh6 38. Qxh6 Qe7) 36. Bxg4 {[%mdl 64] [#] Pin} Rxd5 $1 {[%mdl 512]} 37. Qe2 $36 {[%mdl 2048] [#] Black is under pressure.} (37. Qxd5 Qxg4) 37... f5 $1 38. Bxh5 (38. exf5 Re5) 38... Re5 39. Bg6 fxe4 40. Bxe4 Bg7 {[#]} (40... Qe6 $11 {and Black is okay.}) 41. Rcd1 $1 $18 Qe7 {[#]} 42. Rd5 $1 Kf8 {next ...Rxd5 is good for Black.} 43. Rxe5 Qxe5 $2 (43... Bxe5 {is tougher.} 44. Qg4 Qf7) 44. Qd2 {White is clearly winning.} Qe6 {If Black can now play ...Be5 this consolidates a bit.} 45. Bb1 Rxb2 46. Qxf4+ {Accuracy: White = 59%, Black = 42%.} (46. Rxe6 $2 {loses.} Rxd2 47. Kh2 Kf7 $19) ({Weaker is} 46. Qc1 Re2 $17) 1-0

[Event "EICC 2019"]
[Site "Skopia"]
[Date "2019.03.28"]
[Round "10.43"]
[White "Georgiev, Kiril"]
[Black "Keymer, Vincent"]
[Result "1-0"]
[WhiteElo "2595"]
[BlackElo "2509"]
[Annotator "TA"]
[PlyCount "97"]
[EventDate "2019.03.18"]
[EventType "swiss"]
[EventCountry "MKD"]
[SourceTitle "playchess.com"]
[Source "ChessBase"]
[SourceQuality "1"]

{[%evp 17,97,8,5,10,0,0,0,0,0,0,0,0,0,0,0,0,4,3,8,0,6,7,18,14,22,10,18,0,11,2,10,0,11,4,7,6,4,3,7,6,6,0,4,6,2,0,0,0,0,6,4,3,13,15,15,16,243,240,304,284,281,233,810,803,786,763,993,1001,592,592,981,592,29977,29978,29979,29978,29978,29977,29979,29979,29983,29984]} 1. c4 e6 2. Nc3 d5 3. d4 Nf6 4. Bg5 Be7 5. e3 h6 6. Bh4 O-O 7. Nf3 Nbd7 8. cxd5 Nxd5 9. Bxe7 Qxe7 10. Rc1 {D56: Queen's Gambit Declined: Lasker Defence} (10. Qc2 c5 11. Nxd5 exd5 12. dxc5 Nxc5 13. Be2 Bg4 14. O-O Ne6 15. Rfd1 Rac8 16. Qd2 Rfd8 17. Nd4 Bxe2 18. Qxe2 Rc4 19. Nxe6 fxe6 20. Rac1 Rdc8 21. Rxc4 Rxc4 {½-½ (41) Vitiugov,N (2734)-Hou,Y (2658) Belokurikha 2018}) 10... Nxc3 11. Rxc3 c5 12. Bb5 {The position is equal.} cxd4 13. Qxd4 Nf6 14. O-O Rd8 15. Qc5 Qxc5 16. Rxc5 Bd7 17. Bxd7 Rxd7 $146 18. Rfc1 Rad8 19. Kf1 Ne8 20. Ke2 f6 21. R1c2 Kf7 22. g4 Nd6 23. Nd2 Ke7 24. h3 g5 25. Ra5 Rc8 26. Rxc8 Nxc8 $11 {[%mdl 4096] Endgame KRN-KRN} 27. Rc5 Nd6 28. f4 Kd8 29. Nf3 Ne4 30. Rc4 Nd6 $1 {[%cal Rd6c4]} 31. Ra4 a6 32. e4 gxf4 {aiming for ...e5.} 33. e5 fxe5 34. Nxe5 Rc7 35. Rxf4 Rc2+ 36. Kf3 Rxb2 $2 {[#]} (36... Ke7 $11 {and Black is okay.}) 37. Rd4 $1 $18 Rb6 38. Nc4 Rb4 39. Rxd6+ {[%mdl 64] Double Attack} Kc7 $2 (39... Ke7) 40. Rxe6 Rxc4 41. Rxh6 {KR-KR} Ra4 42. g5 Kd7 43. Rb6 Rxa2 44. Rxb7+ Ke8 45. Kg4 {White mates.} a5 46. Ra7 a4 47. Kh5 a3 48. g6 Ra1 49. Ra8+ {Accuracy: White = 58%, Black = 34%.} 1-0

[Event "EICC 2019"]
[Site "Skopia"]
[Date "2019.03.28"]
[Round "10.44"]
[White "Arizmendi Martinez, Julen Luis"]
[Black "Antipov, Mikhail Al."]
[Result "0-1"]
[WhiteElo "2506"]
[BlackElo "2594"]
[Annotator "TA"]
[PlyCount "52"]
[EventDate "2019.03.18"]
[EventType "swiss"]
[EventCountry "MKD"]
[SourceTitle "playchess.com"]
[Source "ChessBase"]
[SourceQuality "1"]

{[%evp 20,52,0,0,8,8,11,5,4,0,0,0,1,4,49,-20,0,-22,-43,-143,-141,-174,-170,-240,-242,-351,-348,-286,-263,-337,-351,-635,-631,-634,-600]} 1. d4 e6 2. e4 d5 3. Nd2 c5 4. exd5 Qxd5 5. Ngf3 cxd4 6. Bc4 Qd7 {C07: French Tarrasch: 3...c5, 4 Ngf3 and 4 exd5 Qxd5} 7. O-O Nc6 8. Nb3 Nf6 9. Qe2 a6 10. a4 Bd6 11. Rd1 {LiveBook: 40 Games} Qe7 12. Nbxd4 Nxd4 13. Rxd4 e5 $1 {[%cal Re5d4]} 14. Rxd6 Qxd6 {[#]} 15. b3 $146 e4 16. Ba3 $1 {[%cal Ra3d6]} Qf4 17. Rd1 ({White should play} 17. Qe1 $14 Be6 18. Bxe6 fxe6 19. Rd1) 17... Be6 $1 $11 18. Bxe6 fxe6 19. Qc4 {[#]} ({Better is} 19. Nd2 $1 $15) 19... Kf7 $1 $17 ({Worse is} 19... Nd5 20. Rd4 $11 (20. Rxd5 exd5 21. Qxd5 exf3 $11)) 20. h4 Rhd8 21. Re1 (21. Ng5+ $142 Kg6 22. Rf1) 21... h6 $19 22. Nd4 (22. Qb4 $142) 22... Rd5 23. Qb4 Re8 {Hoping for ...a5.} 24. Qxb7+ Rd7 25. Qb4 $2 {[#]} (25. Ne2 Qxh4 26. g3 Rxb7 27. gxh4) 25... a5 26. Qc3 Ng4 {Accuracy: White = 25%, Black = 97%.} 0-1

[Event "EICC 2019"]
[Site "Skopia"]
[Date "2019.03.28"]
[Round "10.45"]
[White "Azarov, Sergei"]
[Black "Baron, Tal"]
[Result "1/2-1/2"]
[WhiteElo "2585"]
[BlackElo "2506"]
[Annotator "TA"]
[PlyCount "111"]
[EventDate "2019.03.18"]
[EventType "swiss"]
[EventCountry "MKD"]
[SourceTitle "playchess.com"]
[Source "ChessBase"]
[SourceQuality "1"]

{[%evp 9,111,21,20,20,20,0,0,2,17,15,0,4,17,5,0,-5,22,-7,0,0,0,-10,0,-7,-10,-3,-6,0,0,0,-5,-14,0,0,0,-16,0,0,-1,-9,-2,-2,-4,-5,0,-15,0,0,0,0,15,15,15,15,15,15,28,16,48,16,42,42,70,14,14,12,3,0,0,0,0,0,0,0,0,0,0,0,0,0,0,0,0,0,0,-50,6,0,0,0,0,0,0,0,8,0,0,0,0,0,0,0,0,0]} 1. e4 g6 2. d4 Bg7 3. Nf3 d6 4. Bc4 Nf6 5. Qe2 Nc6 6. O-O {B06: Modern Defence} Bg4 7. Rd1 {Hoping for e5.} e5 {Threatens to win with ...Nxd4.} 8. c3 $1 O-O 9. h3 Bxf3 10. Qxf3 exd4 11. cxd4 Nd7 12. Be3 Nb6 13. Bb3 Na5 {[#]} 14. Nd2 $146 ({Predecessor:} 14. Nc3 Nxb3 15. axb3 c6 16. d5 {½-½ (41) Vachier Lagrave,M (2779)-Nakamura,H (2777) Saint Louis 2018}) 14... Nxb3 15. Nxb3 Qe7 16. Bf4 a5 17. Qd3 d5 18. e5 Nc4 19. Bc1 f6 20. Nd2 Nxd2 21. Bxd2 fxe5 22. dxe5 Qxe5 {Threatening ...c5.} 23. Bc3 Qf5 24. Qxd5+ Qxd5 25. Rxd5 Bxc3 26. bxc3 $11 {[%mdl 4096] Endgame KRR-KRR} c6 27. Rg5 Rf4 28. Rb1 b5 29. Rc5 Rf6 30. a4 bxa4 31. Ra1 Rb8 32. Rxa5 Rb2 33. Ra8+ Kf7 34. Ra7+ Ke6 35. f3 h5 36. R1xa4 ({White should play} 36. Re1+ $14 Kd6 37. Rxa4) 36... Rc2 37. Re4+ Kd6 38. Rd4+ Kc5 39. Ra5+ Kb6 40. Ra3 Re6 41. Rb4+ Kc7 42. Ra7+ Kd6 43. Rd4+ Kc5 44. Ra5+ Kb6 45. Rg5 Rxc3 46. Rb4+ Kc7 47. Kh2 Kd6 (47... c5 $15 48. Rb5 Rc6) 48. Rd4+ {The position is equal.} Ke7 49. f4 Rb3 50. Rc4 Rb2 51. h4 Rbe2 52. Rgc5 Kd7 53. Rd4+ Ke7 54. Ra4 R2e4 55. Rxe4 Rxe4 56. Rxc6 {Accuracy: White = 43%, Black = 63%.} 1/2-1/2

[Event "EICC 2019"]
[Site "Skopia"]
[Date "2019.03.28"]
[Round "10.46"]
[White "Shubin, Kirill"]
[Black "Santos Latasa, Jaime"]
[Result "1/2-1/2"]
[WhiteElo "2370"]
[BlackElo "2582"]
[Annotator "TA"]
[PlyCount "69"]
[EventDate "2019.03.18"]
[EventType "swiss"]
[EventCountry "MKD"]
[SourceTitle "playchess.com"]
[Source "ChessBase"]
[SourceQuality "1"]

{[%evp 9,69,2,2,8,8,8,10,10,4,1,11,14,16,12,16,12,12,0,0,-22,-19,-26,-30,-35,-14,-21,-8,-13,-5,-10,-10,-14,-14,-14,-14,-16,-8,-8,0,0,0,0,0,0,0,0,0,-6,-7,-5,0,0,0,0,0,0,51,49,49,39,40,0]} 1. e4 c5 2. Nf3 d6 3. Bb5+ Nc6 4. d4 cxd4 5. Qxd4 a6 6. Bxc6+ {B53: Sicilian: 2...d6: Lines with Qxd4} bxc6 7. c4 (7. O-O e5 8. Qd3 Be7 9. c4 Qc7 10. Rd1 Nf6 11. Nc3 O-O 12. h3 Rb8 13. b3 Nd7 14. Ba3 Nc5 15. Bxc5 dxc5 16. Qe3 {1-0 (26) Wang,H (2711)-Idani,P (2599) Kuala Lumpur 2018}) 7... e5 8. Qd3 {The position is equal.} Ne7 9. c5 Ng6 10. cxd6 Qxd6 11. Qxd6 Bxd6 12. O-O $146 ({Predecessor:} 12. Nbd2 a5 13. Nc4 Bc7 {1-0 (76) Apryshko,G (2377)-Tran,T (2520) St Petersburg 2018}) 12... Bg4 13. Nbd2 f6 14. Rd1 O-O-O 15. h3 Be6 16. Nb3 Bxb3 17. axb3 Bc5 18. Bd2 Kb7 19. Ba5 Bb6 20. Bxb6 Kxb6 21. Nd2 Nf4 22. Nc4+ Kb7 23. Re1 Ne6 24. Ra4 Nc5 25. Ra3 Rd4 26. Rc1 Rhd8 27. Kh2 Rd1 ({Of course not} 27... Rxe4 $6 28. Na5+ Kb6 {[#]} 29. Rxc5 $1 $16 {[%mdl 512]}) 28. Rc2 Nxe4 29. Na5+ $1 {[%mdl 64] [#] Discovered Attack} Kb6 30. Nc4+ Ka7 31. Ne3 R1d6 32. Nf5 {[%mdl 64] Double Attack} Re6 ({Black should try} 32... Rd1 $11) 33. Nxg7 $14 {White is slightly better.} Red6 34. Nf5 {aiming for f3.} Re6 35. Ng7 {Accuracy: White = 80%, Black = 66%.} 1/2-1/2

[Event "EICC 2019"]
[Site "Skopia"]
[Date "2019.03.28"]
[Round "10.47"]
[White "Rozum, Ivan"]
[Black "Grinberg, Eyal"]
[Result "1/2-1/2"]
[WhiteElo "2573"]
[BlackElo "2467"]
[Annotator "TA"]
[PlyCount "120"]
[EventDate "2019.03.18"]
[EventType "swiss"]
[EventCountry "MKD"]
[SourceTitle "playchess.com"]
[Source "ChessBase"]
[SourceQuality "1"]

{[%evp 16,120,28,21,39,32,31,33,48,24,62,38,39,8,68,68,78,52,60,64,71,67,64,38,32,34,41,37,53,41,65,35,46,48,83,83,75,79,83,85,85,65,104,35,34,33,42,38,34,27,56,31,28,48,157,158,170,104,125,105,120,127,131,109,141,139,125,109,112,0,5,-8,-9,-8,0,0,0,0,195,200,200,202,200,195,201,69,68,37,42,0,0,0,0,0,0,0,0,0,0,0,0,0,0,0,0,0,0]} 1. Nf3 d5 2. g3 Nf6 3. Bg2 c6 4. c4 g6 5. b3 Bg7 6. Bb2 O-O 7. O-O Re8 8. d4 Ne4 {D78: Fianchetto Grünfeld: 6 0-0 c6} 9. e3 {LiveBook: 6 Games} Be6 $146 ({Predecessor:} 9... Bg4 10. h3 Bxf3 11. Bxf3 e6 12. Nd2 Nxd2 13. Qxd2 Nd7 14. Rfd1 Nf6 15. Rac1 a6 16. Qe2 {½-½ (50) Shankland,S (2717)-Cori Tello,J (2659) Montevideo 2018}) 10. Qe2 Nd7 {White is slightly better.} 11. Ne1 Ndf6 12. Nd3 Bf5 13. f3 Nd6 14. Nf2 Bxb1 (14... dxc4 $11 15. bxc4 Be6) 15. Raxb1 $14 Nd7 16. Rfd1 a5 17. e4 e6 18. a4 Qc7 19. cxd5 cxd5 20. e5 Nf5 {[%cal Bd6f5,Bf5e7,Be7c6][%mdl 32]} 21. Bf1 Ne7 22. Qd2 Nc6 23. Ng4 Qb6 24. Kh1 f5 25. exf6 Nxf6 26. Ne5 Rec8 27. Bh3 Re8 28. Re1 Bf8 29. Qf4 (29. Nxc6 $16 {Hoping for Ne5.} Qxc6 30. Bc3) 29... Nxe5 $1 30. Qxe5 Bg7 31. Qe3 ({Much worse is} 31. Bxe6+ Kh8 $15) 31... Bf8 32. Rbc1 (32. Bxe6+ Kh8 $15) 32... Bb4 33. Bc3 $36 {[%mdl 2048] Black is under pressure.} Ba3 $1 {[%cal Ra3c1]} 34. Ra1 Bb4 ({Black should try} 34... Bf8 $14) 35. Bxb4 $16 Qxb4 36. Rac1 ({But not} 36. Bxe6+ $6 Kg7 $14) (36. Qe5 $1 $18 {[%cal Re5f6]} Qf8 37. Bxe6+ Kh8 38. Qf4) 36... Re7 37. Rc5 Kf7 38. Rec1 ({Don't play} 38. Bxe6+ $6 Kg7 $11) 38... Rae8 39. Rb5 Qd6 40. Rxa5 e5 {next ...exd4 is good for Black.} 41. dxe5 Rxe5 42. Qg1 (42. Qc5 $1 $16 {[%cal Rc5d6]} Qxc5 43. Raxc5) 42... Re3 $11 43. Rb5 d4 {Strongly threatening ...d3.} 44. Rxb7+ Kg8 45. Rbc7 $1 d3 {White must now prevent ...d2.} 46. Rc8 $1 {Qxe3 is the strong threat.} Rxc8 $2 (46... Qd4 $11 {and Black is okay.} 47. R1c4 Qe5) 47. Rxc8+ $18 Re8 {[#]} 48. Rxe8+ $1 Nxe8 {[#]} 49. Qd1 $1 d2 50. Bf1 (50. Kg2 $18) 50... Qd4 $1 $14 {[%cal Rd4f2]} 51. Be2 Nf6 52. Bc4+ (52. a5 $5 {[%cal Ra5a6]}) 52... Kg7 {The position is equal.} 53. Kg2 g5 54. g4 Nd7 (54... h5 $5 55. h3 $8 Nd7 $11) 55. a5 {And now a6 would win.} Ne5 56. a6 $1 {[%cal Ra6a7]} Ng6 $1 {[%cal Rg6h4] With the idea ...Nh4+.} 57. a7 Nf4+ 58. Kf1 Nh3 $1 {[%csl Gh3][%cal Rd4f2]} 59. Kg2 Nf4+ $1 60. Kf1 Nh3 $1 {Accuracy: White = 50%, Black = 60%.} 1/2-1/2

[Event "EICC 2019"]
[Site "Skopia"]
[Date "2019.03.28"]
[Round "10.48"]
[White "Moroni, Luca Jr"]
[Black "Zwardon, Vojtech"]
[Result "1/2-1/2"]
[WhiteElo "2564"]
[BlackElo "2452"]
[Annotator "TA"]
[PlyCount "86"]
[EventDate "2019.03.18"]
[EventType "swiss"]
[EventCountry "MKD"]
[SourceTitle "playchess.com"]
[Source "ChessBase"]
[SourceQuality "1"]

{[%evp 21,86,19,42,24,55,43,37,12,22,12,18,0,0,0,0,0,0,0,0,0,0,0,0,0,0,0,0,0,80,0,0,-27,-28,-28,-15,-35,-35,-38,0,0,0,-2,0,0,0,0,0,0,0,0,0,0,0,0,0,0,0,0,0,0,0,0,0,0,0,0,0]} 1. d4 Nf6 2. c4 e6 3. Nc3 Bb4 4. Nf3 O-O 5. e3 d5 6. Bd3 c5 7. O-O Nc6 8. a3 Ba5 9. cxd5 exd5 10. dxc5 Bxc3 11. bxc3 Qa5 {LiveBook: 11 Games} 12. c4 {And now cxd5 would win. E56: Nimzo-Indian: Rubinstein: Main Line: 7...Nc6} (12. Qc2 Qxc5 13. a4 Re8 14. Ng5 g6 15. Ba3 Qb6 16. Rab1 Qc7 17. f4 Rxe3 18. f5 Ng4 19. g3 Nce5 20. fxg6 hxg6 21. Bxg6 fxg6 {0-1 (27) Meza,A (2058)-Ricardi,P (2479) Montevideo 2019}) 12... dxc4 13. Bxc4 Qxc5 14. Ba2 $146 {White is slightly better.} ({Predecessor:} 14. Qe2 Bg4 15. Bb2 Rad8 16. Rac1 Qf5 17. h3 Bh5 18. Qc2 Qxc2 19. Rxc2 Bg6 {1-0 (40) Muir,A (2350)-Allicock,R (2304) Sunningdale 2007}) 14... Bg4 15. Bb2 Rad8 16. Qe2 Ne4 17. Rfd1 Nc3 (17... Qh5 {is more complex.} 18. h3 Bxh3 19. gxh3 Ng5 20. Nd4 Qxh3 21. f4 Nxd4 22. Bxd4 Nf3+) 18. Bxc3 $1 Qxc3 19. h3 Rxd1+ 20. Rxd1 Bxf3 21. Qxf3 Qxa3 22. Bd5 Qc3 23. Qf5 a5 {[%cal Ba7a5,Ba5a4,Ba4a3][%mdl 32]} 24. Qd7 Nb4 (24... a4 $11) 25. Qxb7 (25. Bxb7 $16 Qc5 26. Rd4) 25... a4 $11 26. Rb1 (26. Rd4 {is interesting.} Nxd5 27. Qxd5 Qe1+ 28. Kh2 Qxf2 29. Qe4) 26... Nxd5 27. Qxd5 {[%mdl 4096] Endgame KQR-KQR} a3 28. Qa2 Qc5 29. Rb7 g6 30. Kh2 {The position is equal.} Kg7 31. Kg1 h5 32. Qb3 Qa5 {[#] Threatens to win with ...a2.} 33. Qa2 $1 Qa6 34. Rd7 Kg8 35. Rc7 h4 36. Rd7 Kg7 37. Qa1+ Kg8 $1 {[#] Strongly threatening ...a2.} 38. Qa2 Qa5 39. Rb7 Kg7 40. Rd7 Kg8 41. Rb7 Qa4 42. Kh1 Kg7 43. Kg1 Kg8 {Accuracy: White = 71%, Black = 71%.} 1/2-1/2

[Event "EICC 2019"]
[Site "Skopia"]
[Date "2019.03.28"]
[Round "10.49"]
[White "Saric, Ivan"]
[Black "Neverov, Valeriy"]
[Result "1-0"]
[WhiteElo "2703"]
[BlackElo "2496"]
[Annotator "TA"]
[PlyCount "65"]
[EventDate "2019.03.18"]
[EventType "swiss"]
[EventCountry "MKD"]
[SourceTitle "playchess.com"]
[Source "ChessBase"]
[SourceQuality "1"]

{[%evp 30,65,22,12,50,47,44,43,39,42,37,33,46,25,41,40,37,23,43,33,46,35,92,62,69,60,68,66,250,258,247,263,226,220,1249,987,5314,5044]} 1. e4 e5 2. Nf3 Nc6 3. Bb5 a6 4. Ba4 Nf6 5. O-O Be7 6. Re1 b5 7. Bb3 d6 8. c3 O-O 9. h3 Nb8 10. d4 Nbd7 11. Nbd2 {[%cal Bb1d2,Bd2f1,Bf1g3][%mdl 32]} Bb7 12. Bc2 Re8 13. Nf1 Bf8 14. Ng3 g6 15. a4 Bg7 16. Bd3 c6 {C95: Closed Ruy Lopez: Breyer Variation with 10 d4} 17. Bg5 Nf8 18. Qd2 Ne6 {White is slightly better.} 19. Bh6 Nd7 {[#]} 20. Red1 $146 ({Predecessor:} 20. axb5 axb5 21. Rxa8 Bxa8 22. Bxg7 Kxg7 23. Ra1 Bb7 24. Bf1 {1-0 (53) Radjabov,T (2738)-Sasikiran,K (2639) Skopje 2015}) 20... Qe7 21. Bf1 Red8 22. Bxg7 Kxg7 23. b4 Nb6 24. axb5 ({But not} 24. dxe5 dxe5 25. Qe3 Nxa4 $15) 24... cxb5 25. Qe3 {aiming for d5.} Nd7 (25... Qc7 $1 $14) 26. c4 bxc4 27. Bxc4 Nf4 28. Ra5 h5 $2 (28... Qf6 $14) 29. dxe5 $18 dxe5 {[#]} 30. Rxd7 $1 Rxd7 31. Rxe5 Qxb4 $2 (31... Qf6) 32. Qxf4 {Nf5+ would kill now.} Qxc4 {[#]} 33. Nxh5+ $1 {[%mdl 512] Accuracy: White = 94%, Black = 18%.} 1-0

[Event "EICC 2019"]
[Site "Skopia"]
[Date "2019.03.28"]
[Round "10.50"]
[White "Matviishen, Viktor"]
[Black "Mamedov, Rauf"]
[Result "1-0"]
[WhiteElo "2490"]
[BlackElo "2701"]
[Annotator "TA"]
[PlyCount "93"]
[EventDate "2019.03.18"]
[EventType "swiss"]
[EventCountry "MKD"]
[SourceTitle "playchess.com"]
[Source "ChessBase"]
[SourceQuality "1"]

{[%evp 15,93,23,21,16,37,34,45,30,39,38,45,43,56,49,47,38,39,43,53,44,49,45,41,43,43,44,50,24,35,31,35,34,26,30,31,38,89,95,106,85,154,151,159,164,187,178,186,184,188,189,190,123,201,181,204,218,234,234,234,234,230,221,235,235,418,412,494,447,428,408,677,681,670,662,602,520,502,494,398,340]} 1. d4 d5 2. c4 Nf6 3. Nf3 c6 4. Nc3 dxc4 5. a4 Bf5 6. Ne5 Nbd7 7. Nxc4 Nb6 8. Ne5 a5 9. g3 {D17: Slav Defence: 5 a4 Bf5: Lines with 6 Nh4 and 6 Ne5} (9. e3 Nfd7 10. Bd3 Bxd3 11. Nxd3 e6 12. O-O Be7 13. Qb3 O-O 14. e4 Ra6 15. Be3 Qb8 16. Rac1 Rd8 {1-0 (37) Giri,A (2782)-Aronian,L (2767) chess.com INT 2018}) 9... g6 10. Bg2 Bg7 11. O-O {White is slightly better.} O-O 12. e4 Be6 13. Be3 Nc4 14. Nxc4 $1 Bxc4 15. Re1 Qb6 $146 {[#]} ({Predecessor:} 15... Qd7 16. h3 Rfd8 {1-0 (59) Schandorff,L (2547)-Pert,N (2460) Copenhagen 2002}) 16. b3 $1 {[%mdl 512]} Qxb3 17. Qxb3 Bxb3 18. Rab1 Bc4 19. Rxb7 e6 20. h3 Ba6 21. Rc7 $36 {[%mdl 2048] White has good play.} (21. Rb3 {is more complex.} Bc4 22. Rb6 Rfc8 23. Rc1 Bd3 24. Rd1) 21... Rfc8 22. Rxc8+ Rxc8 23. Rc1 Nd7 24. Bf1 Bxf1 25. Kxf1 e5 (25... Nb6 $14) 26. dxe5 Nxe5 {[#]} 27. Nd5 $1 {[%cal Rd5e7][%mdl 512]} Re8 (27... Bf8 $142) (27... cxd5 28. Rxc8+) 28. Nb6 $16 Bf8 {[#]} 29. Ke2 $1 {And now f4 would win.} f6 30. f4 Nf7 31. Nd7 ({Much less strong is} 31. Rxc6 Rxe4 32. Kd3 (32. Rxf6 Bc5 $14) 32... Re8 $16) 31... Re6 32. Kf3 Ba3 33. Rc4 ({Better is} 33. Rd1 $18) 33... Kg7 (33... Rd6 $16) 34. Nc5 $18 Re7 35. Nb3 Nd6 36. Rxc6 Nxe4 37. Nxa5 Nxg3 {[#]} 38. Bd4 $1 {[%cal Rd4f6]} Nh5 39. Nc4 Bc1 $2 (39... Bb4 40. a5 Bxa5) 40. a5 {[%cal Ba4a5,Ba5a6][%mdl 32]} Bxf4 41. a6 Bb8 42. Bc5 Rf7 (42... Re8 $142 43. a7 Bxa7) 43. Rc8 Ba7 44. Nd6 Rd7 {aiming for ...Bxc5.} 45. Nb5 Bxc5 46. Rxc5 {Hoping for Rc7.} Rd3+ 47. Ke4 {Accuracy: White = 90%, Black = 53%.} 1-0

[Event "EICC 2019"]
[Site "Skopia"]
[Date "2019.03.29"]
[Round "11.1"]
[White "Rodshtein, Maxim"]
[Black "Artemiev, Vladislav"]
[Result "1/2-1/2"]
[WhiteElo "2673"]
[BlackElo "2736"]
[Annotator "TA"]
[PlyCount "92"]
[EventDate "2019.03.18"]
[EventType "swiss"]
[EventCountry "MKD"]
[SourceTitle "playchess.com"]
[Source "ChessBase"]
[SourceQuality "1"]

{[%evp 11,92,17,52,23,25,16,19,19,24,22,17,8,10,39,49,43,47,20,50,0,0,0,-16,-13,-12,-6,56,26,34,34,36,36,36,12,19,17,33,0,0,0,0,0,56,20,22,48,56,56,56,56,56,56,56,52,52,38,52,52,52,52,52,0,52,52,52,0,52,0,52,52,52,52,52,52,94,52,52,52,52,52,52,45,45]} 1. e4 c5 2. Nf3 d6 3. d4 cxd4 4. Nxd4 Nf6 5. Nc3 a6 6. f3 Qb6 7. Bc4 {B90: Sicilian Najdorf: Unusual White 6th moves, 6 Be3 Ng4 and 6 Be3 e5} (7. g4 e6 8. a3 Nc6 9. Be3 Nd7 10. Qd2 Nxd4 11. Bxd4 Qa5 12. O-O-O b5 13. f4 Rb8 14. Kb1 e5 15. fxe5 dxe5 {1-0 (53) Karjakin,S (2753)-Artemiev,V (2671) Chita 2015}) 7... Nc6 8. Nxc6 bxc6 9. Qe2 {The position is equal.} e6 10. Bb3 $146 ({Predecessor:} 10. Qe3 Qc7 11. O-O Be7 12. Qe2 O-O 13. Be3 d5 14. Bb3 Bb7 {0-1 (35) Grabcheva,N-Zahraiev,O Sofia 2012}) 10... Be7 11. Be3 Qc7 12. O-O-O a5 13. g4 Ba6 14. Qg2 Nd7 15. f4 (15. h4 $14) 15... Nc5 $11 16. Bxc5 dxc5 17. e5 O-O 18. Ba4 Rac8 (18... Qb6 $11) 19. Ne4 Rfd8 20. c3 Bc4 21. g5 Bd5 22. c4 Bxe4 $1 23. Qxe4 Qb6 24. a3 Rd4 25. Rxd4 cxd4 26. Rd1 $1 Bc5 (26... Rb8 $11 27. Rd2 (27. Qxd4 Bc5 $11) 27... d3 28. Qxd3 Bc5) 27. Rd2 (27. Qd3 {is more complex.} Rb8 28. Rd2 Be7 29. h4 g6 30. h5) 27... g6 28. h4 Kf8 29. h5 Ke7 30. Qd3 Rc7 31. Rh2 Kd7 32. hxg6 hxg6 33. Kb1 Kc8 34. Ka2 Kb7 35. Rh3 Ka7 36. Rh2 ({White should play} 36. Qc2 $14) 36... Rd7 (36... Kb7 $1 $11) 37. Bd1 Rb7 38. Ba4 Rd7 $1 39. Rh3 ({White should try} 39. Bb3 $14) 39... Rb7 (39... Rc7 $1 $11) 40. Qc2 $14 Rb8 41. Qg2 Rc8 42. Qd2 Qa6 43. Qd3 Rb8 {White is slightly better.} 44. Rh2 Rb7 45. Kb1 Qb6 46. Kc1 Qa6 {Accuracy: White = 53%, Black = 64%.} 1/2-1/2